Biblioteca

Readings in Christian thought (Registro nro. 66455)

Detalles MARC
000 -LÍDER
Campo fijo de descripción fija 02825nam a2200361 i 4500
001 - NÚMERO DE CONTROL
Campo de control 768714001
003 - IDENTIFICADOR DEL NÚMERO DE CONTROL
Campo de control CO-MdFUSB
005 - FECHA Y HORA DE LA ULTIMA TRANSACCIÓN
control field 20210429130332.0
007 - CAMPO FIJO DE DESCRIPCIÓN FIJA--INFORMACIÓN GENERAL
Campo fijo de descripción fija ta
008 - ELEMENTOS DE LONGITUD FIJA -- INFORMACIÓN GENERAL
Campo fijo de descripción fija -- Información general 890706t19901990tnu 000 0 eng
010 ## - NÚMERO DE CONTROL DE LA BIBLIOTECA DEL CONGRESO
Número de control LC 89037493
020 ## - NÚMERO INTERNACIONAL NORMALIZADO PARA LIBROS
Número Internacional Normalizado del libro 0687355478
040 ## - FUENTE DE CATALOGACIÓN
Agencia de catalogación original DLC
Idioma de catalogación eng
Agencia que realiza la transcripción CO-MdFUSB
Agencia que realiza la modificación LML
-- CO-MdFUSB
Convenciones de la descripción rda
041 ## - CÓDIGO DE IDIOMA
Código de idioma para texto/pista de sonido o título separado eng
082 ## - NÚMERO DE CLASIFICACIÓN DECIMAL DEWEY
Número de la edición del Dewey 23
Número de clasificación 270.092
Clave de autor-Numero de item R287
245 00 - TÍTULO
Título del Material Readings in Christian thought
Mención de responsabilidad, etc. / editado por Hugh T. Kerr.
250 ## - MENCIÓN DE EDICIÓN
Mención de edición segunda edición
264 #1 - PRODUCCIÓN, PUBLICACIÓN, DISTRIBUCIÓN, MANUFACTURA, Y COPYRIGHT
Lugar de producción, publicación, distribución, manufactura Nashville :
Nombre del productor, publicador, distribuidor Abingdon Press,
Fecha de producción, publicación, distribución, manufactura, o copyright [1990]
264 #4 - PRODUCCIÓN, PUBLICACIÓN, DISTRIBUCIÓN, MANUFACTURA, Y COPYRIGHT
Fecha de producción, publicación, distribución, manufactura, o copyright ©1990.
300 ## - DESCRIPCIÓN FÍSICA
Extensión 403 páginas ;
Dimensiones 25 cm.
336 ## - TIPO DE CONTENIDO
Término de tipo de contenido texto
Código de tipo de contenido txt
Fuente rdacontent.
337 ## - TIPO DE MEDIO
Nombre del tipo de medio sin mediación
Código del tipo de medio n
Fuente rdamedia.
338 ## - TIPO DE SOPORTE
Nombre del tipo de soporte volumen
Código Tipo de soporte nc
Fuente rdacarrier.
505 ## - NOTA DE CONTENIDO
Nota de contenido con formato preestablecido Ortodoxia y herejía en la iglesia primitiva. Justin mártir; Ireneo; Tertuliano; Origen; Agustín Juan de Damasco Los credos ecuménicos - Escolástica y misticismo en la Edad Media. Anselmo Abelard; Bernardo de Claraval; Peter Lombard; Francisco de Asís; Tomás de Aquino; Duns Scotus; William Ockham; Catalina de Siena; Jan van Ruysbroeck; Thomas à Kempis; Nicolás de Cusa - Reforma y post-Reforma. Martin Luther Philipp Melanchthon; John Calvin; Heinrich Bullinger; Thomas Cranmer; Richard Hooker; El Concilio de Trento; Menno Simons; La confesión de fe de Westminster; Robert Barclay; John Wesley; Jonathan Edwards - Ideas religiosas creativas en la era moderna. Immanuel Kant ; Friedrich Schleiermacher; David Friedrich Strauss; Albrecht Ritschl; Theodore Parker; Horace Bushnell; John Henry Newman; Dogmas católicos y definiciones; Adolf von Harnack; William James; Rudolf Otto; Peter Taylor Forsyth; Ernst Troeltsch; Walter Rauschenbusch - La búsqueda contemporánea. Søren Kierkegaard (1813-1855); Albert Schweitzer; Karl Barth; Emil Brunner; Reinhold Niebuhr; Rudolf Bultmann; Paul Tillich; Dietrich Bonhoeffer; El Consejo Mundial de Iglesias; Papa Juan XXIII
520 ## - NOTA DE RESUMEN, ETC.
Nota de sumario, etc. Este volumen proporciona una fuente de tesorería para la historia y el desarrollo de la teología cristiana. Tiene a la vista al estudiante, el maestro de religión en la universidad o escuela de divinidad, el capellán en los servicios o instituciones armadas, el clérigo y el predicador, el grupo de estudio de la iglesia para adultos y el laico autodidacta. En las siguientes selecciones, se presentan muchas controversias teológicas a lo largo de la marcha de la historia. La unidad que los une es la persuasión de que la fe cristiana exige no solo devoción y obediencia sino también un pensamiento sólido y un cuestionamiento honesto
563 ## - NOTA DE ENCUADERNACIÓN
Nota de encuadernación Rústico
650 #0 - ASIENTO SECUNDARIO DE MATERIA - TERMINO TEMÁTICO
Término temático o nombre geográfico como elemento de entrada Historia de la Iglesia
9 (RLIN) 2480
Subdivisión general Biografías.
700 1# - ASIENTO SECUNDARIO - NOMBRE PERSONAL
Nombre personal Kerr, Hugh T.
Fuller form of name (Hugh Thomson),
Fechas asociadas con el nombre 1909-1992.
Responsabilidad editor
942 ## - TIPO DE MATERIAL (KOHA)
Tipo de Item KOHA Libros General
945 ## - INFORMACIÓN LOCAL DEL REGISTRO
Catalogador JTF-925
Existencias
Estado de Material Estado de Perdido Forma de Clasificación Estado de Dañado No para Préstamo Colección Biblioteca de Origen Biblioteca Permanente Fecha de Adquisición Área Total de Préstamos Signatura Topográfica Código de Barras Última vez visto Ejemplar/Existencia Fecha de Remplazo Tipo de Material
    Dewey Decimal Classification     Colección General Biblioteca FUSBC Biblioteca FUSBC 06/07/2020 HISTORIA DEL CRISTIANISMO   G 270.092 R287r 12463 06/07/2020 Ej.1 06/07/2020 Libros General

Biblioteca FUSBC | Teléfono: (57+4) 349 88 10 Ext. 141| WhatsApp (+57) 3005338115 
E-mail: biblioteca@unisbc.edu.co | Calle 76 87-14 Robledo Palenque, Medellín, Colombia

Con tecnología Koha